Meu grande livro de contos para aprender (Record no. 18207)

MARC details
000 -LÍDER
campo de controle de tamanho fixo 00384 a2200157 4500
001 - NÚMERO DE CONTROLE
campo de controle 18207
020 ## - ISBN - INTERNATIONAL STANDARD BOOK NUMBER
ISBN - International Standard Book Number 9788563672056
040 ## - FONTE DA CATALOGAÇÃO
Instituição que transcreveu o registro Anchieta - Bela Vista
240 10 - TÍTULO UNIFORME
Título uniforme Meu grande livro de contos para aprender
Idioma da obra por
245 10 - TÍTULO
Título Meu grande livro de contos para aprender
300 ## - DESCRIÇÃO FÍSICA
Extensão 187
362 0# - DATAS DE PUBLICAÇÃO E/OU DESIGNAÇÃO SEQUENCIAL
Datas de publicação e/ou designação sequencial 2009
440 #1 - DECLARAÇÃO DE SÉRIE/ENTRADA ADICIONADA--TÍTULO
Título Rai Editora
650 #4 - ASSUNTO--TERMO TÓPICO
Cabeçalho tópico ou nome geográfico Literatura infantil
942 ## - ELEMENTOS DE ENTRADA ADICIONADOS (KOHA)
Tipo de material Koha Livros
Holdings
Situação do descarte Situação das perdas Situação física Não pode ser emprestado Biblioteca de origem Biblioteca atual Data de aquisição Total de empréstimos Número de chamada completo Código de barras Data de último acesso Data do último empréstimo Data do preço efetivo Tipo de material Koha
        Colégio São Paulo Colégio São Paulo 21/11/2023   LI 028.5 RAI MEU 5153/ITA 21/11/2023   21/11/2023 Livros
        Colégio Anchieta - Bela Vista Inspira 21/11/2023 1 LI 028.5 M597m MEU 4437/BEL 21/11/2023 21/11/2023 21/11/2023 Livros